00824nam a2200205 a 450000100100000000500170001000800410002704000250006808200150009324501420010826000590025030000270030970000380033670000410037470000270041570000370044204900090047995201130048899900170060100003006620200930060020.0110428s1985 dr a 000 0 spa d aDO-SdBNPbspacBNPHU axxxbM294p01aManual de prácticas de laboratorio análisis químico cuantitativo :bQUI-241, QUI-242, QUI /cMilecia Acosta de Nesrala...[et. al.]. aSanto Domingo :bEditora Universitaria, (UASD),c1985. a72 p. :bil. ;c28 cm.1 aAcosta de Nesrala, Milecia9567671 aRubiera de Cabral, Altagracia9567681 aPeralta de Cruz9567691 aFermin Gutiérrez, Pedro956770 aBNPD 0010718PDaPDbPDcCTd2011-04-28iLF1l0oxxx M294pp30066-10r2020-06-25w2020-06-25yLFPDZNo se presta c29558d29558